Les maisons mode et maroquinerie du groupe LVMH - Statistiques

Statistiques générales
  • Ce quiz a été pris 102 fois
  • Le résultat moyen est 4 sur 15
Statistiques - réponses
Hint Réponse % Correct
1854 Louis Vuitton
96%
1947 Dior
79%
1952 Givenchy
35%
1945 Celine
33%
1925 Fendi
28%
1846 Loewe
26%
1970 Kenzo
23%
1895 Berluti
17%
1924 Loro piana
17%
1914 Patou
12%
1849 Moynat
10%
1898 Rimowa
10%
1947 Pucci
8%
1957 Vuarnet
6%
1984 Marc Jaobs
1%
Aucun quiz correspondant
Distribution des résultats
% des personnes avec chaque résultat
Percentile par nombre de réponses
Votre historique - résultats
Vous n’avez pas pris ce quiz